Introduction to accounting : (Record no. 494)

MARC details
000 -LEADER
fixed length control field 01057cam a2200205 a 4500
020 ## - INTERNATIONAL STANDARD BOOK NUMBER
ISBN 9780078136603 (hbk. : alk. paper)
020 ## - INTERNATIONAL STANDARD BOOK NUMBER
ISBN 0078136601 (hbk. : alk. paper)
020 ## - INTERNATIONAL STANDARD BOOK NUMBER
ISBN 9780071220583 (pbk. : international student ed.)
020 ## - INTERNATIONAL STANDARD BOOK NUMBER
ISBN 0071220585 (pbk. : international student ed.)
050 00 - CALL NUMBER
Classification number HF5636
Item number .A35 2011
100 1# - AUTHOR
Personal name Ainsworth, Penne.
245 10 - TITLE
Title Introduction to accounting :
Remainder of title an integrated approach /
Statement of responsibility, etc Penne Ainsworth, Dan Deines.
250 ## - EDITION
Edition statement 6th ed.
260 ## - PUBLICATION INFORMATION
Place of publication New York :
Name of publisher McGraw-Hill Irwin,
Year of publication c2011.
300 ## - DESCRIPTION
Number of Pages xxi, 647 p. :
Other physical details ill. ;
Dimensions 28 cm.
500 ## - NOTES
General note Includes index.<br/>"The Sixth Edition of Introduction to Accounting: An Integrated Approach revolves around three major themes: The overriding theme of the text is that accounting is an information system that serves many stakeholders, some internal and some external to the organization. The second theme is business processes. The final theme is the balanced scorecard"--Provided by publisher.
650 #0 - SUBJECTS
Topical Term Accounting.
700 1# - OTHER AUTHORS
Personal name Deines, Dan S.
942 ## - ADDED ENTRY ELEMENTS (KOHA)
Koha item type Books
Holdings
Withdrawn status Lost status Collection code Home library Current library Shelving location Date acquired Full call number Accession Number Copy number Koha item type
    Reference Methodist University Library Main Methodist University Library Main General Stacks 01/10/2013 HF5636 .A35 2011 38669 1 Books
Copyright © 2026  MUG Library